[Event "Kadettlandskamp NOR-SWE B 2018"]
[Site "NTG, Bærum, Norway"]
[Date "2018.12.16"]
[Round "9.3"]
[White "Nguyen, Gabriel"]
[Black "Fossan, Aleksander"]
[Result "0-1"]
[WhiteFideId "1720791"]
[BlackFideId "1519794"]
[WhiteElo "1906"]
[BlackElo "1903"]

1. d4 {[%clk 00:15:18]} {[%emt 00:00:02]} d6 {[%clk 00:15:19]} {[%emt
00:00:01]} 2. Nf3 {[%clk 00:15:14]} {[%emt 00:00:14]} Bg4 {[%clk 00:15:28]}
{[%emt 00:00:02]} 3. e3 {[%clk 00:14:24]} {[%emt 00:00:59]} Nd7 {[%clk
00:15:33]} {[%emt 00:00:05]} 4. Be2 {[%clk 00:14:25]} {[%emt 00:00:09]} e5
{[%clk 00:15:42]} {[%emt 00:00:02]} 5. dxe5 {[%clk 00:14:24]} {[%emt 00:00:10]}
dxe5 {[%clk 00:15:48]} {[%emt 00:00:04]} 6. O-O {[%clk 00:14:25]} {[%emt
00:00:09]} Ngf6 {[%clk 00:15:46]} {[%emt 00:00:12]} 7. h3 {[%clk 00:14:33]}
{[%emt 00:00:02]} Bh5 {[%clk 00:15:39]} {[%emt 00:00:18]} 8. b3 {[%clk
00:14:02]} {[%emt 00:00:40]} Bd6 {[%clk 00:15:03]} {[%emt 00:00:46]} 9. Bb2
{[%clk 00:12:35]} {[%emt 00:01:37]} O-O {[%clk 00:15:03]} {[%emt 00:00:11]} 10.
c4 {[%clk 00:12:01]} {[%emt 00:00:43]} Qe7 {[%clk 00:14:52]} {[%emt 00:00:21]}
11. Nbd2 {[%clk 00:11:16]} {[%emt 00:00:56]} a5 {[%clk 00:14:00]} {[%emt
00:01:02]} 12. a3 {[%clk 00:11:10]} {[%emt 00:00:16]} Rfe8 {[%clk 00:13:36]}
{[%emt 00:00:34]} 13. Re1 {[%clk 00:11:17]} {[%emt 00:00:02]} h6 {[%clk
00:13:39]} {[%emt 00:00:07]} 14. Nf1 {[%clk 00:10:30]} {[%emt 00:00:57]} Rad8
{[%clk 00:13:28]} {[%emt 00:00:21]} 15. Qc1 {[%clk 00:09:16]} {[%emt 00:01:23]}
Nc5 {[%clk 00:12:58]} {[%emt 00:00:41]} 16. Qd1 {[%clk 00:06:57]} {[%emt
00:02:29]} Bxf3 {[%clk 00:12:42]} {[%emt 00:00:27]} 17. gxf3 {[%clk 00:06:49]}
{[%emt 00:00:18]} Qe6 {[%clk 00:10:54]} {[%emt 00:01:58]} 18. Kg2 {[%clk
00:06:23]} {[%emt 00:00:35]} e4 {[%clk 00:08:02]} {[%emt 00:03:03]} 19. Qc2
{[%clk 00:05:09]} {[%emt 00:01:23]} Qf5 {[%clk 00:08:01]} {[%emt 00:00:12]} 20.
f4 {[%clk 00:04:45]} {[%emt 00:00:32]} Nd3 {[%clk 00:06:36]} {[%emt 00:01:36]}
21. Red1 {[%clk 00:04:12]} {[%emt 00:00:43]} Nxb2 {[%clk 00:05:52]} {[%emt
00:00:54]} 22. Qxb2 {[%clk 00:04:21]} {[%emt 00:00:01]} h5 {[%clk 00:05:31]}
{[%emt 00:00:32]} 23. b4 {[%clk 00:03:53]} {[%emt 00:00:37]} axb4 24. axb4
{[%clk 00:04:02]} b6 {[%clk 00:05:18]} {[%emt 00:00:02]} 25. Ng3 {[%clk
00:02:47]} {[%emt 00:01:25]} Qg6 {[%clk 00:05:15]} {[%emt 00:00:13]} 26. h4
{[%clk 00:02:56]} {[%emt 00:00:02]} Ng4 {[%clk 00:04:48]} {[%emt 00:00:36]} 27.
Qc3 {[%clk 00:02:48]} {[%emt 00:00:17]} Be7 {[%clk 00:04:34]} {[%emt 00:00:25]}
28. Rxd8 {[%clk 00:02:42]} {[%emt 00:00:16]} Rxd8 {[%clk 00:04:41]} {[%emt
00:00:04]} 29. f5 {[%clk 00:02:14]} {[%emt 00:00:38]} Qd6 {[%clk 00:03:51]}
{[%emt 00:00:59]} 30. Rd1 {[%clk 00:02:00]} {[%emt 00:00:24]} Qh6 {[%clk
00:02:45]} {[%emt 00:01:17]} 31. Rxd8+ {[%clk 00:02:00]} {[%emt 00:00:09]} Bxd8
{[%clk 00:02:54]} {[%emt 00:00:01]} 32. Nxe4 {[%clk 00:00:38]} {[%emt
00:01:33]} Bxh4 {[%clk 00:02:43]} {[%emt 00:00:21]} 33. Bxg4 {[%clk 00:00:44]}
{[%emt 00:00:03]} hxg4 {[%clk 00:02:50]} {[%emt 00:00:03]} 34. Qe5 {[%clk
00:00:48]} {[%emt 00:00:06]} Qc6 {[%clk 00:02:12]} {[%emt 00:00:49]} 35. Qd5
{[%clk 00:00:37]} {[%emt 00:00:20]} Qe8 {[%clk 00:01:49]} {[%emt 00:00:33]} 36.
c5 {[%clk 00:00:33]} {[%emt 00:00:14]} bxc5 {[%clk 00:01:34]} {[%emt 00:00:25]}
37. bxc5 {[%clk 00:00:34]} {[%emt 00:00:09]} Qa4 {[%clk 00:01:01]} {[%emt
00:00:44]} 38. Qd4 {[%clk 00:00:29]} {[%emt 00:00:15]} Qc6 {[%clk 00:00:57]}
{[%emt 00:00:13]} 39. Qe5 {[%clk 00:00:33]} {[%emt 00:00:05]} g3 {[%clk
00:00:42]} {[%emt 00:00:26]} 40. fxg3 {[%clk 00:00:23]} {[%emt 00:00:21]} Bf6
{[%clk 00:00:52]} 41. Qf4 {[%clk 00:00:26]} {[%emt 00:00:07]} Be7 {[%clk
00:01:00]} {[%emt 00:00:02]} 42. Kh3 {[%clk 00:00:29]} {[%emt 00:00:06]} Bxc5
{[%clk 00:00:57]} {[%emt 00:00:13]} 43. Qg4 {[%clk 00:00:23]} {[%emt 00:00:16]}
Qh6+ {[%clk 00:00:51]} {[%emt 00:00:17]} 44. Kg2 {[%clk 00:00:26]} {[%emt
00:00:07]} Qxe3 {[%clk 00:00:54]} {[%emt 00:00:07]} 45. Nf6+ {[%clk 00:00:21]}
{[%emt 00:00:15]} Kh8 {[%clk 00:00:31]} {[%emt 00:00:33]} 46. Qh5+ {[%clk
00:00:22]} {[%emt 00:00:09]} Qh6 {[%clk 00:00:40]} 47. Qxh6+ {[%clk 00:00:24]}
{[%emt 00:00:08]} gxh6 {[%clk 00:00:47]} {[%emt 00:00:02]} 48. Nd5 {[%clk
00:00:19]} {[%emt 00:00:14]} Bd6 {[%clk 00:00:53]} {[%emt 00:00:05]} 49. g4
{[%clk 00:00:26]} {[%emt 00:00:03]} Kg7 {[%clk 00:01:00]} {[%emt 00:00:03]} 50.
Kf3 {[%clk 00:00:35]} {[%emt 00:00:02]} c6 {[%clk 00:00:56]} {[%emt 00:00:13]}
51. Ne3 {[%clk 00:00:42]} {[%emt 00:00:03]} Kf6 {[%clk 00:01:01]} {[%emt
00:00:05]} 52. Nc4 {[%clk 00:00:50]} {[%emt 00:00:03]} Bc7 {[%clk 00:00:54]}
{[%emt 00:00:16]} 53. Ke4 {[%clk 00:00:58]} {[%emt 00:00:02]} Kg5 {[%clk
00:00:57]} {[%emt 00:00:07]} 54. Kf3 {[%clk 00:01:06]} {[%emt 00:00:02]} c5
{[%clk 00:00:42]} {[%emt 00:00:24]} 55. Ne3 {[%clk 00:01:11]} {[%emt 00:00:06]}
Be5 {[%clk 00:00:44]} {[%emt 00:00:08]} 56. Nc4 {[%clk 00:01:01]} {[%emt
00:00:19]} Bg7 {[%clk 00:00:35]} {[%emt 00:00:19]} 57. Nd6 {[%clk 00:01:05]}
{[%emt 00:00:07]} h5 {[%clk 00:00:13]} {[%emt 00:00:33]} 58. Ne4+ {[%clk
00:01:03]} {[%emt 00:00:11]} Kh4 {[%emt 00:00:45]} 59. g5 {[%clk 00:00:23]}
{[%emt 00:00:15]} Bd4 {[%clk 00:00:17]} {[%emt 00:00:07]} 60. g6 {[%clk
00:00:26]} {[%emt 00:00:04]} fxg6 {[%clk 00:00:24]} {[%emt 00:00:06]} 61. fxg6
{[%clk 00:00:35]} {[%emt 00:00:01]} c4 {[%clk 00:00:20]} {[%emt 00:00:14]} 62.
Nd2 {[%clk 00:00:27]} {[%emt 00:00:17]} c3 {[%clk 00:00:23]} {[%emt 00:00:07]}
63. Nb3 {[%clk 00:00:36]} {[%emt 00:00:01]} Bg7 {[%clk 00:00:21]} {[%emt
00:00:12]} 64. Kf4 {[%clk 00:00:37]} {[%emt 00:00:09]} c2 {[%clk 00:00:22]}
{[%emt 00:00:09]} 65. Nc1 {[%clk 00:00:30]} {[%emt 00:00:17]} Kh3 {[%clk
00:00:15]} {[%emt 00:00:17]} 66. Kf3 {[%clk 00:00:39]} Bh6 {[%clk 00:00:22]}
{[%emt 00:00:04]} 67. Nd3 {[%clk 00:00:27]} {[%emt 00:00:21]} Kh4 {[%emt
00:00:06]} 68. Nc1 {[%clk 00:00:12]} {[%emt 00:00:22]} Kg5 {[%clk 00:00:35]}
{[%emt 00:00:04]} 69. g7 {[%clk 00:00:17]} {[%emt 00:00:05]} Bxg7 {[%clk
00:00:44]} {[%emt 00:00:02]} 70. Ke2 {[%clk 00:00:25]} {[%emt 00:00:02]} Bb2
{[%clk 00:00:35]} {[%emt 00:00:19]} 71. Nd3 {[%clk 00:00:29]} {[%emt 00:00:05]}
Ba3 {[%clk 00:00:35]} {[%emt 00:00:10]} 72. Kf3 {[%clk 00:00:25]} {[%emt
00:00:14]} Kf5 {[%clk 00:00:31]} {[%emt 00:00:14]} 73. Ke3 {[%clk 00:00:21]}
{[%emt 00:00:15]} Kg4 {[%clk 00:00:39]} {[%emt 00:00:02]} 74. Kf2 {[%clk
00:00:24]} {[%emt 00:00:07]} Kh3 {[%clk 00:00:29]} {[%emt 00:00:19]} 75. Nf4+
{[%clk 00:00:15]} {[%emt 00:00:19]} Kg4 {[%clk 00:00:36]} {[%emt 00:00:03]} 76.
Nd3 {[%clk 00:00:24]} {[%emt 00:00:01]} Be7 {[%clk 00:00:30]} {[%emt 00:00:16]}
77. Kg2 {[%clk 00:00:29]} {[%emt 00:00:06]} Bh4 {[%clk 00:00:26]} {[%emt
00:00:14]} 78. Nc1 {[%clk 00:00:27]} {[%emt 00:00:11]} Kf4 {[%clk 00:00:24]}
{[%emt 00:00:11]} 79. Kh3 {[%clk 00:00:18]} {[%emt 00:00:21]} Bf6 {[%clk
00:00:28]} {[%emt 00:00:04]} 80. Kg2 {[%clk 00:00:24]} {[%emt 00:00:05]} Ke3
{[%clk 00:00:36]} {[%emt 00:00:02]} 81. Kf1 {[%clk 00:00:20]} {[%emt 00:00:12]}
Kd2 {[%clk 00:00:38]} {[%emt 00:00:10]} 82. Nb3+ {[%clk 00:00:28]} {[%emt
00:00:02]} Kc3 {[%clk 00:00:44]} {[%emt 00:00:03]} 83. Nc1 {[%clk 00:00:36]}
{[%emt 00:00:03]} Bg5 {[%clk 00:00:43]} {[%emt 00:00:11]} 84. Ne2+ {[%clk
00:00:45]} {[%emt 00:00:01]} Kd2 {[%clk 00:00:44]} {[%emt 00:00:09]} 85. Kf2
{[%clk 00:00:43]} {[%emt 00:00:12]} Bf6 {[%clk 00:00:42]} {[%emt 00:00:12]} 86.
Kf3 {[%clk 00:00:27]} {[%emt 00:00:25]} h4 {[%clk 00:00:48]} {[%emt 00:00:05]}
87. Kf2 {[%clk 00:00:17]} {[%emt 00:00:21]} h3 {[%clk 00:00:55]} {[%emt
00:00:03]} 88. Kf1 {[%emt 00:00:18]} h2 {[%clk 00:00:56]} {[%emt 00:00:06]} 89.
Kg2 {[%clk 00:00:19]} {[%emt 00:00:02]} Kxe2 {[%clk 00:01:02]} {[%emt
00:00:05]} 0-1

[Event "Kadettlandskamp NOR-SWE B 2018"]
[Site "NTG, Bærum, Norway"]
[Date "2018.12.16"]
[Round "9.4"]
[White "Vitenberg, Noam A"]
[Black "Rasti, Arvin"]
[Result "1-0"]
[WhiteFideId "1532138"]
[BlackFideId "1741160"]
[WhiteElo "1889"]
[BlackElo "1777"]

1. Nf3 {[%clk 00:15:19]} d5 {[%clk 00:15:13]} {[%emt 00:00:08]} 2. e3 {[%clk
00:15:24]} {[%emt 00:00:04]} Nf6 {[%clk 00:15:20]} {[%emt 00:00:04]} 3. c4
{[%clk 00:15:31]} {[%emt 00:00:02]} c6 {[%clk 00:15:22]} {[%emt 00:00:09]} 4.
Nc3 {[%clk 00:15:39]} {[%emt 00:00:02]} e6 {[%clk 00:15:20]} {[%emt 00:00:11]}
5. d4 {[%clk 00:15:47]} {[%emt 00:00:03]} Nbd7 {[%clk 00:15:25]} {[%emt
00:00:05]} 6. Bd3 {[%clk 00:15:54]} {[%emt 00:00:02]} Bd6 {[%clk 00:15:24]}
{[%emt 00:00:11]} 7. O-O {[%clk 00:15:48]} {[%emt 00:00:17]} O-O {[%clk
00:15:12]} {[%emt 00:00:20]} 8. e4 {[%clk 00:15:54]} {[%emt 00:00:04]} dxc4
{[%clk 00:14:36]} {[%emt 00:00:47]} 9. Bxc4 {[%clk 00:15:44]} {[%emt 00:00:21]}
e5 {[%clk 00:13:41]} {[%emt 00:01:05]} 10. d5 {[%clk 00:14:22]} {[%emt
00:01:32]} Nb6 {[%clk 00:13:19]} {[%emt 00:00:32]} 11. Bb3 {[%clk 00:12:09]}
{[%emt 00:02:23]} Bg4 {[%clk 00:12:48]} {[%emt 00:00:40]} 12. dxc6 {[%clk
00:11:18]} {[%emt 00:01:01]} bxc6 {[%clk 00:12:38]} {[%emt 00:00:21]} 13. Be3
{[%clk 00:10:46]} {[%emt 00:00:41]} Qe7 {[%clk 00:11:48]} {[%emt 00:00:59]} 14.
Rc1 {[%clk 00:10:50]} {[%emt 00:00:07]} Rfd8 {[%clk 00:10:53]} {[%emt
00:01:05]} 15. Qe2 {[%clk 00:10:48]} {[%emt 00:00:13]} Be6 {[%clk 00:09:23]}
{[%emt 00:01:39]} 16. Bxe6 {[%clk 00:04:10]} {[%emt 00:06:49]} Qxe6 {[%clk
00:09:16]} {[%emt 00:00:16]} 17. Nd2 {[%clk 00:03:55]} {[%emt 00:00:26]} h6
{[%clk 00:08:29]} {[%emt 00:00:56]} 18. f3 {[%clk 00:03:56]} {[%emt 00:00:10]}
Nfd7 {[%clk 00:07:56]} {[%emt 00:00:44]} 19. Qf2 {[%clk 00:03:43]} {[%emt
00:00:22]} Nc5 {[%clk 00:07:00]} {[%emt 00:01:05]} 20. Bxc5 {[%clk 00:03:21]}
{[%emt 00:00:33]} Bxc5 {[%clk 00:07:09]} {[%emt 00:00:01]} 21. Qxc5 {[%clk
00:03:29]} {[%emt 00:00:02]} Rxd2 {[%clk 00:07:16]} {[%emt 00:00:02]} 22. b3
{[%clk 00:03:29]} {[%emt 00:00:10]} Qg6 {[%clk 00:06:56]} {[%emt 00:00:30]} 23.
Rf2 {[%clk 00:03:01]} {[%emt 00:00:39]} Rad8 {[%clk 00:06:45]} {[%emt
00:00:21]} 24. Qxe5 {[%clk 00:01:58]} {[%emt 00:01:12]} Rxf2 {[%clk 00:06:38]}
{[%emt 00:00:18]} 25. Kxf2 {[%clk 00:02:04]} {[%emt 00:00:04]} Rd2+ {[%clk
00:06:31]} {[%emt 00:00:17]} 26. Ne2 {[%clk 00:01:57]} {[%emt 00:00:17]} Rxa2
{[%clk 00:06:14]} {[%emt 00:00:27]} 27. Rd1 {[%clk 00:01:46]} {[%emt 00:00:21]}
h5 {[%clk 00:04:25]} {[%emt 00:01:59]} 28. Kf1 {[%clk 00:01:26]} {[%emt
00:00:29]} f6 {[%clk 00:03:33]} {[%emt 00:01:04]} 29. Rd8+ {[%clk 00:00:50]}
{[%emt 00:00:45]} Kh7 {[%clk 00:03:22]} {[%emt 00:00:20]} 30. Qb8 {[%clk
00:00:54]} {[%emt 00:00:06]} Qf7 {[%clk 00:00:53]} {[%emt 00:02:40]} 31. Rh8+
{[%clk 00:01:00]} {[%emt 00:00:03]} Kg6 {[%clk 00:01:02]} 32. Nf4+ {[%clk
00:01:08]} {[%emt 00:00:03]} Kg5 {[%clk 00:01:12]} 33. h4+ {[%clk 00:00:28]}
{[%emt 00:00:50]} Kxh4 {[%clk 00:01:13]} {[%emt 00:00:08]} 34. Ng6+ {[%clk
00:00:35]} {[%emt 00:00:03]} Qxg6 {[%clk 00:01:07]} {[%emt 00:00:17]} 35. Qf4+
{[%clk 00:00:41]} {[%emt 00:00:03]} Qg4 {[%clk 00:01:01]} {[%emt 00:00:15]} 36.
Qxg4# {[%clk 00:00:49]} {[%emt 00:00:04]} 1-0

[Event "Kadettlandskamp NOR-SWE B 2018"]
[Site "NTG, Bærum, Norway"]
[Date "2018.12.16"]
[Round "9.5"]
[White "Nielsen, Andre"]
[Black "Ivarsson, Sebastian"]
[Result "1-0"]
[WhiteTitle "FM"]
[WhiteFideId "1518240"]
[BlackFideId "1738593"]
[WhiteElo "1917"]
[BlackElo "1652"]

1. e4 {[%clk 00:15:16]} {[%emt 00:00:03]} e5 {[%clk 00:15:17]} {[%emt
00:00:04]} 2. Nf3 {[%clk 00:15:23]} {[%emt 00:00:02]} Nc6 {[%clk 00:15:26]}
{[%emt 00:00:02]} 3. Bc4 {[%clk 00:15:25]} {[%emt 00:00:07]} Bc5 {[%clk
00:15:34]} {[%emt 00:00:02]} 4. c3 {[%clk 00:15:33]} {[%emt 00:00:03]} Nf6
{[%clk 00:15:43]} {[%emt 00:00:02]} 5. d3 {[%clk 00:15:40]} {[%emt 00:00:02]}
O-O {[%clk 00:15:50]} {[%emt 00:00:03]} 6. Nbd2 {[%clk 00:15:44]} {[%emt
00:00:06]} d5 {[%clk 00:15:14]} {[%emt 00:00:46]} 7. exd5 {[%clk 00:15:38]}
{[%emt 00:00:15]} Nxd5 {[%clk 00:15:18]} {[%emt 00:00:06]} 8. O-O {[%clk
00:15:34]} {[%emt 00:00:14]} Bg4 {[%clk 00:14:45]} {[%emt 00:00:44]} 9. Re1
{[%clk 00:15:17]} {[%emt 00:00:27]} Qd7 {[%clk 00:10:07]} {[%emt 00:04:48]} 10.
Ne4 {[%clk 00:13:38]} {[%emt 00:01:48]} Bb6 {[%clk 00:09:43]} {[%emt 00:00:35]}
11. h3 {[%clk 00:12:54]} {[%emt 00:00:53]} Bh5 {[%clk 00:09:43]} {[%emt
00:00:11]} 12. Ng3 {[%clk 00:12:11]} {[%emt 00:00:52]} Bxf3 {[%clk 00:07:37]}
{[%emt 00:02:16]} 13. Qxf3 {[%clk 00:12:09]} {[%emt 00:00:12]} Nf6 {[%clk
00:06:02]} {[%emt 00:01:45]} 14. Nf5 {[%clk 00:08:26]} {[%emt 00:03:54]} e4
{[%clk 00:03:10]} {[%emt 00:03:02]} 15. dxe4 {[%clk 00:05:20]} {[%emt
00:03:14]} g6 {[%clk 00:00:39]} {[%emt 00:02:43]} 16. Nh6+ {[%clk 00:03:25]}
{[%emt 00:02:04]} Kg7 {[%clk 00:00:36]} {[%emt 00:00:14]} 17. Bg5 {[%clk
00:03:07]} {[%emt 00:00:27]} Qd6 {[%clk 00:00:23]} {[%emt 00:00:23]} 18. Bf4
{[%clk 00:02:08]} {[%emt 00:01:09]} Qe7 {[%clk 00:00:20]} {[%emt 00:00:14]} 19.
Qg3 {[%clk 00:01:49]} {[%emt 00:00:29]} Nh5 {[%clk 00:00:26]} {[%emt 00:00:04]}
20. Nf5+ {[%clk 00:01:46]} {[%emt 00:00:13]} Kh8 {[%clk 00:00:35]} 21. Nxe7
{[%clk 00:01:44]} {[%emt 00:00:13]} Nxg3 {[%clk 00:00:40]} {[%emt 00:00:05]} 22.
Nxc6 {[%clk 00:01:29]} {[%emt 00:00:24]} Nh5 {[%clk 00:00:48]} {[%emt
00:00:02]} 23. Bh6 {[%clk 00:01:21]} {[%emt 00:00:19]} bxc6 {[%clk 00:00:57]}
{[%emt 00:00:01]} 24. Bxf8 {[%clk 00:01:26]} {[%emt 00:00:05]} Rxf8 {[%clk
00:01:06]} 25. Rad1 {[%clk 00:01:31]} {[%emt 00:00:05]} Re8 {[%clk 00:01:11]}
{[%emt 00:00:05]} 26. Bxf7 {[%clk 00:01:34]} {[%emt 00:00:07]} Rf8 {[%clk
00:01:20]} 27. Rd7 {[%clk 00:01:20]} {[%emt 00:00:23]} Nf6 {[%clk 00:00:56]}
{[%emt 00:00:35]} 28. Re7 {[%clk 00:01:08]} {[%emt 00:00:22]} Ng8 {[%emt
00:00:01]} 29. Bxg8 {[%clk 00:00:42]} {[%emt 00:00:36]} Rxf2 {[%clk 00:00:26]}
{[%emt 00:00:49]} 30. Kh2 {[%clk 00:00:23]} {[%emt 00:00:29]} Kxg8 {[%clk
00:00:33]} {[%emt 00:00:04]} 31. Rd1 {[%clk 00:00:28]} {[%emt 00:00:04]} Bc5
{[%clk 00:00:17]} {[%emt 00:00:26]} 32. Rd8+ {[%clk 00:00:23]} {[%emt
00:00:14]} Rf8 {[%clk 00:00:25]} {[%emt 00:00:02]} 33. Rxf8+ {[%clk 00:00:30]}
{[%emt 00:00:03]} Kxf8 {[%clk 00:00:35]} 34. Rxh7 {[%clk 00:00:34]} {[%emt
00:00:07]} Kg8 {[%clk 00:00:44]} 35. Rd7 {[%clk 00:00:32]} {[%emt 00:00:12]}
Kf8 {[%clk 00:00:53]} {[%emt 00:00:02]} 36. b4 {[%clk 00:00:35]} {[%emt
00:00:06]} Ke8 {[%clk 00:00:39]} {[%emt 00:00:24]} 37. bxc5 {[%clk 00:00:34]}
{[%emt 00:00:11]} Kxd7 {[%clk 00:00:48]} {[%emt 00:00:02]} 38. Kg3 {[%clk
00:00:41]} {[%emt 00:00:02]} Ke6 {[%clk 00:00:57]} 39. Kf4 {[%clk 00:00:49]}
{[%emt 00:00:03]} 1-0

[Event "Kadettlandskamp NOR-SWE B 2018"]
[Site "NTG, Bærum, Norway"]
[Date "2018.12.16"]
[Round "9.6"]
[White "Abdrlauf, Elham"]
[Black "Muntean, Viktor"]
[Result "1-0"]
[WhiteFideId "1533533"]
[BlackFideId "1054414"]
[WhiteElo "2191"]
[BlackElo "1791"]

1. e4 {[%clk 00:15:20]} {[%emt 00:00:10]} e5 {[%clk 00:15:19]} {[%emt
00:00:02]} 2. Nf3 {[%clk 00:15:29]} Nc6 {[%clk 00:15:27]} {[%emt 00:00:01]} 3.
d4 {[%clk 00:15:39]} exd4 {[%clk 00:15:35]} {[%emt 00:00:03]} 4. Bc4 {[%emt
00:00:01]} Bc5 {[%clk 00:15:40]} {[%emt 00:00:05]} 5. O-O {[%clk 00:15:56]}
{[%emt 00:00:02]} d6 {[%clk 00:15:04]} {[%emt 00:00:46]} 6. Nbd2 {[%clk
00:16:01]} {[%emt 00:00:04]} Bg4 {[%clk 00:14:48]} {[%emt 00:00:27]} 7. h3
{[%clk 00:16:08]} {[%emt 00:00:02]} Bh5 {[%clk 00:14:50]} {[%emt 00:00:08]} 8.
Nb3 {[%clk 00:16:17]} {[%emt 00:00:01]} Ne5 {[%clk 00:14:43]} {[%emt 00:00:18]}
9. Be2 {[%clk 00:16:08]} {[%emt 00:00:19]} Bxf3 {[%clk 00:14:13]} {[%emt
00:00:40]} 10. Bxf3 {[%clk 00:16:16]} {[%emt 00:00:01]} Nf6 {[%clk 00:14:17]}
{[%emt 00:00:06]} 11. Bf4 {[%clk 00:16:06]} {[%emt 00:00:20]} Nxf3+ {[%clk
00:13:29]} {[%emt 00:00:58]} 12. Qxf3 {[%clk 00:16:14]} {[%emt 00:00:01]} Qe7
{[%clk 00:12:19]} {[%emt 00:01:22]} 13. Rfe1 {[%clk 00:15:48]} {[%emt
00:00:36]} Nd7 {[%clk 00:11:38]} {[%emt 00:00:51]} 14. e5 {[%clk 00:15:26]}
{[%emt 00:00:32]} dxe5 {[%clk 00:11:27]} {[%emt 00:00:21]} 15. Qxb7 {[%clk
00:15:00]} {[%emt 00:00:37]} O-O {[%clk 00:11:24]} {[%emt 00:00:12]} 16. Qd5
{[%clk 00:14:47]} {[%emt 00:00:22]} Qd6 {[%clk 00:10:44]} {[%emt 00:00:50]} 17.
Qxd6 {[%clk 00:14:38]} {[%emt 00:00:20]} Bxd6 {[%clk 00:10:46]} {[%emt
00:00:08]} 18. Bg3 {[%clk 00:14:34]} {[%emt 00:00:13]} f6 {[%clk 00:10:14]}
{[%emt 00:00:42]} 19. Rad1 {[%clk 00:14:43]} {[%emt 00:00:01]} c5 {[%clk
00:09:36]} {[%emt 00:00:49]} 20. c3 {[%clk 00:14:46]} {[%emt 00:00:07]} Bb8
{[%clk 00:07:55]} {[%emt 00:01:51]} 21. f4 {[%clk 00:14:25]} {[%emt 00:00:30]}
c4 {[%clk 00:06:43]} {[%emt 00:01:22]} 22. Na5 {[%clk 00:14:27]} {[%emt
00:00:09]} exf4 {[%clk 00:06:14]} {[%emt 00:00:39]} 23. Bf2 {[%clk 00:14:36]}
Nb6 {[%clk 00:06:21]} {[%emt 00:00:02]} 24. Bxd4 {[%clk 00:14:28]} {[%emt
00:00:18]} Bc7 {[%clk 00:06:08]} {[%emt 00:00:24]} 25. Kf1 {[%clk 00:14:06]}
{[%emt 00:00:32]} Rac8 {[%clk 00:05:22]} {[%emt 00:00:55]} 26. Nc6 {[%clk
00:14:03]} {[%emt 00:00:13]} Bd8 {[%clk 00:04:54]} {[%emt 00:00:38]} 27. Nxa7
{[%clk 00:14:05]} {[%emt 00:00:09]} Ra8 {[%clk 00:05:03]} 28. Nc6 {[%clk
00:14:14]} Nd5 {[%clk 00:04:16]} {[%emt 00:00:58]} 29. Bc5 {[%clk 00:13:45]}
{[%emt 00:00:39]} Ne3+ {[%clk 00:03:18]} {[%emt 00:01:08]} 30. Rxe3 {[%clk
00:13:54]} fxe3 {[%clk 00:03:18]} {[%emt 00:00:09]} 31. Bxf8 {[%clk 00:14:03]}
{[%emt 00:00:01]} Bb6 {[%clk 00:03:21]} {[%emt 00:00:08]} 32. Ba3 {[%clk
00:14:07]} {[%emt 00:00:06]} Re8 {[%clk 00:03:16]} {[%emt 00:00:15]} 33. Ke2
{[%clk 00:14:16]} {[%emt 00:00:01]} Re4 {[%clk 00:02:37]} {[%emt 00:00:49]} 34.
Nd4 {[%clk 00:14:14]} {[%emt 00:00:12]} g6 {[%clk 00:02:37]} {[%emt 00:00:10]}
35. b4 {[%clk 00:14:15]} {[%emt 00:00:08]} f5 {[%clk 00:02:29]} {[%emt
00:00:19]} 36. Bc1 {[%clk 00:14:21]} {[%emt 00:00:04]} f4 {[%clk 00:02:35]}
{[%emt 00:00:03]} 37. a4 {[%clk 00:14:29]} {[%emt 00:00:02]} g5 {[%clk
00:02:30]} {[%emt 00:00:15]} 38. a5 {[%clk 00:14:38]} {[%emt 00:00:02]} Bc7
{[%clk 00:02:39]} 39. Nb5 {[%clk 00:14:38]} {[%emt 00:00:09]} Bxa5 {[%clk
00:02:36]} {[%emt 00:00:13]} 40. bxa5 {[%clk 00:14:46]} {[%emt 00:00:02]} Re5
{[%clk 00:02:45]} {[%emt 00:00:01]} 41. a6 {[%clk 00:14:49]} {[%emt 00:00:08]}
Rxb5 {[%clk 00:02:49]} {[%emt 00:00:05]} 42. a7 {[%clk 00:14:58]} {[%emt
00:00:01]} 1-0